Five Most Guessed Country Shapes by Continent - Statistics

General Stats
  • This quiz has been taken 4,254 times
  • The average score is 28 of 30
Answer Stats
Continent % Country % Correct
North America 98 {United States}
99%
Europe 91 {Italy}
99%
Oceania 93 {Australia}
98%
North America 96 {Canada}
98%
Asia 89 {China}
97%
Asia 94 {Japan}
97%
Europe 90 {France}
97%
Asia 82 {India}
97%
South America 85 {Chile}
97%
Europe 90 {United Kingdom}
97%
North America 76 {Mexico}
97%
Oceania 77 {New Zealand}
96%
Europe 90 {Norway}
96%
South America 64 {Brazil}
96%
Africa 59 {Egypt}
96%
Africa 64 {South Africa}
95%
South America 66 {Argentina}
95%
Asia 86 {Indonesia}
95%
Europe 85 {Greece}
92%
Africa 56 {Morocco}
91%
Asia 80 {Philippines}
91%
North America 77 {Cuba}
91%
Africa 63 {Somalia}
90%
South America 45 {Peru}
90%
Oceania 54 {Papua New Guinea}
89%
Africa 52 {Madagascar}
88%
South America 43 {Venezuela}
85%
North America 55 {Panama}
83%
Oceania 19 {Fiji}
80%
Oceania 20 {Nauru}
71%
No matching quizzes found
Score Distribution
Percent of People with Each Score
Percentile by Number Answered
Your Score History
You have not taken this quiz